000 00587nam a2200205Ia 4500
005 20250326141112.0
008 250326s9999 xx 000 0 und d
020 _a0-8039-5307-0
037 _aTextbook
040 _aFMSL
_beng
_cFMSL
041 _aeng
_2eng
084 _aX:51:f N3
_qFMSL
100 _aLavrakas P J
_9743709
245 0 _aTelephone survey methods: Sampling selection and supervision
_cLavrakas P J
250 _aEd 2nd
260 _aLondon
_bLondon, Sage Publication
_c1993
300 _a190p
942 _cTB
_hX:51:f N3
999 _c1288710
_d1288710